| 000 | 00851nam a2200241Ia 4500 | ||
|---|---|---|---|
| 003 | 0 | ||
| 005 | 20250129094758.0 | ||
| 008 | 190909s9999 xx 000 0 und d | ||
| 050 |
_aPGS QR 90 _b.Su961 2019 |
||
| 100 | _aSuresh, Rovan. | ||
| 245 |
_aAntibacterial property of Moringa tree bark extract on Salmonella / _cRovan Suresh. |
||
| 260 |
_aLas PiƱas City, Philippines : _bSouthville International School and Colleges, _c2019. |
||
| 300 |
_a21 p. : _bill. ; _c28 cm. |
||
| 500 | _aIncludes bibliographical references. | ||
| 504 | _aIncludes bibliographical references. | ||
| 650 | _aMoringa. | ||
| 650 |
_aMoringa _vPharmacological properties. |
||
| 650 | _aAntibacterial agents. | ||
| 650 |
_aPlant extracts _vPharmacological properties. |
||
| 650 | _aSalmonella. | ||
| 650 | _aAntimicrobial properties of plants. | ||
| 942 |
_2lcc _cPASS |
||
| 999 |
_c362078 _d362078 |
||